Contratación internacional: tratados e instrumentos normativos

Gardado en:
Detalles Bibliográficos
Main Authors: Zapata Giraldo, Adriana (Author), Gómez Domínguez, Luis Alfonso (Author)
Outros autores: Oviedo Albán, Jorge (autor)
Formato: Libro
Idioma:Lingua castelá
Publicado: Bogotá Universidad Externado de Colombia 2018
Edición:1a. ed
Subjects:
Tags: Engadir etiqueta
Sen Etiquetas, Sexa o primeiro en etiquetar este rexistro!

MARC

LEADER 00000cam a2200000 a 4500
001 UCC6594
003 CL-VaPUC
008 181220e20180000ck |||||||||||||||||spa|d
020 |a 9789587729085 
082 0 4 |a 341.754  |b ZAP  |2 21 
100 0 |a Zapata Giraldo, Adriana  |e author  |9 601095 
700 |a Oviedo Albán, Jorge  |e autor  |9 868766 
700 0 |a Gómez Domínguez, Luis Alfonso  |e author  |9 601097 
245 1 0 |a Contratación internacional: tratados e instrumentos normativos 
250 |a 1a. ed 
300 |a 371 p 
942 |c BK 
945 |d 20181220 17:39:00  |a dcastane 
260 |a Bogotá  |b Universidad Externado de Colombia  |c 2018 
650 0 |a Contratos comerciales  |9 374028 
650 0 |a Economía internacional  |9 258254 
650 7 |a COMERCIO INTERNACIONAL  |2 CL-VaPUC  |9 601098 
650 7 |a TRATADOS COMERCIALES  |2 CL-VaPUC  |9 601099 
583 |a last modification  |c 20181220 17:39:00  |k Rodrigo Vera 
999 |c 373531  |d 373529 
952 |0 0  |1 0  |3 erb  |4 0  |6 341_754000000000000_ZAP_2018  |7 0  |8 A  |9 491661  |a BIBDER  |b BIBDER  |i 5524229  |o 341.754 ZAP 2018  |p 5524229  |r 2023-01-25  |w 2019-11-24  |y BK  |z Catalogado en:20181220  |k DER